[Event "LTU-ch sf"]
[Site "Vilnius"]
[Date "2022.04.09"]
[Round "3"]
[White "Sarauskas, Andrius"]
[Black "Pavlovic, Vladimir"]
[Result "1/2-1/2"]
[WhiteElo "1935"]
[BlackElo "2202"]
[PlyCount "143"]
[EventDate "2022.04.08"]
[EventType "swiss"]
[EventRounds "9"]
[EventCountry "LTU"]
[SourceTitle "CBM 207 Extra"]
[Source "ChessBase"]
[SourceDate "2022.05.31"]
[SourceVersion "1"]
[SourceVersionDate "2022.05.31"]
[SourceQuality "1"]

1. Nf3 d5 2. g3 c6 3. Bg2 Nf6 4. 0-0 Bg4 5. d4 Nbd7 6. Nbd2 Qc7 7. c3 e6 8. Re1 Bd6 9. e4 dxe4 10. Nxe4 Nxe4 11. Rxe4 Nf6 12. Re1 0-0 13. Qb3 Rfe8 14. Ne5 Bh5 15. Nc4 Re7 16. Bg5 Rd7 17. Nxd6 Qxd6 18. a4 Nd5 19. a5 h6 20. Bd2 Rad8 21. a6 b6 22. h3 Bg6 23. c4 Ne7 24. Be3 Nf5 25. c5 bxc5 26. dxc5 Qc7 27. Be4 Rb8 28. Qc2 Nxe3 29. Rxe3 Bxe4 30. Rxe4 Qd8 31. b4 Rd4 32. Rb1 Qd5 33. Rxd4 Qxd4 34. Qb3 Qd5 35. Qxd5 exd5 36. Kf1 Kf8 37. Ke2 Ke7 38. Kd3 Kd7 39. Kd4 g6 40. b5 cxb5 41. Kxd5 Kc7 42. c6 b4 43. Re1 Rb5+ 44. Kc4 Kxc6 45. Kb3 Kb6 46. Re7 Rf5 47. f4 Kxa6 48. Kxb4 h5 49. Re4 Rf6 50. Kc5 Rb6 51. Ra4+ Kb7 52. Ra3 Rc6+ 53. Kd5 Rf6 54. Ra4 a5 55. Ke5 Ra6 56. f5 Kc6 57. fxg6 fxg6 58. g4 Kb5 59. Ra1 hxg4 60. hxg4 a4 61. Kf4 a3 62. Kg5 Kb4 63. Kh6 Kb3 64. Rf1 a2 65. g5 a1Q 66. Rxa1 Rxa1 67. Kxg6 Kc4 68. Kf6 Kd5 69. g6 Ra6+ 70. Kf7 Ke5 71. g7 Ra7+ 72. Kg6 1/2-1/2

[Event "Osijek op 3rd"]
[Site "Osijek"]
[Date "2007.12.10"]
[Round "4.11"]
[White "Pavlovic, Vladimir"]
[Black "Kroo, Ivica"]
[Result "1-0"]
[WhiteElo "2157"]
[BlackElo "1872"]
[PlyCount "71"]
[EventDate "2007.12.08"]
[EventType "swiss"]
[EventRounds "9"]
[EventCountry "CRO"]
[SourceTitle "CBM 121 Extra"]
[Source "ChessBase"]
[SourceDate "2008.01.10"]
[SourceVersion "1"]
[SourceVersionDate "2008.01.10"]
[SourceQuality "1"]

1. e4 d6 2. d4 Nf6 3. Nc3 Nbd7 4. f4 c6 5. e5 dxe5 6. fxe5 Nd5 7. Nf3 e6 8. Ne4 Be7 9. c4 Nc7 10. c5 0-0 11. Bd3 f5 12. Neg5 h6 13. Nh3 Nd5 14. 0-0 b6 15. cxb6 axb6 16. Nf4 Nxf4 17. Bxf4 Ba6 18. Bxa6 Rxa6 19. Qb3 Kf7 20. Rac1 b5 21. Rfe1 g5 22. Be3 g4 23. Nd2 Bg5 24. Bxg5 hxg5 25. Rf1 Ke7 26. Qb4+ Kf7 27. Ne4 Qe7 28. Nd6+ Kg6 29. Rc2 Ra4 30. Qb3 Rxd4 31. Rxc6 Nxe5 32. Nxf5 Qd7 33. Rxe6+ Rf6 34. Rxf6+ Kxf6 35. Nxd4+ Kg7 36. Qe3 1-0

[Event "Osijek op 3rd"]
[Site "Osijek"]
[Date "2007.12.08"]
[Round "1.7"]
[White "Babic, Radoslav"]
[Black "Pavlovic, Vladimir"]
[Result "1-0"]
[WhiteElo "1993"]
[BlackElo "2157"]
[PlyCount "85"]
[EventDate "2007.12.08"]
[EventType "swiss"]
[EventRounds "9"]
[EventCountry "CRO"]
[SourceTitle "CBM 121 Extra"]
[Source "ChessBase"]
[SourceDate "2008.01.10"]
[SourceVersion "1"]
[SourceVersionDate "2008.01.10"]
[SourceQuality "1"]

1. e4 e5 2. Nf3 Nc6 3. Bb5 a6 4. Ba4 Nf6 5. 0-0 Be7 6. Re1 b5 7. Bb3 0-0 8. c3 d6 9. h3 Na5 10. Bc2 c5 11. d4 Bb7 12. dxe5 dxe5 13. Qxd8 Raxd8 14. Nbd2 Nc6 15. Nf1 c4 16. Be3 Rd7 17. Bb6 a5 18. Ne3 g6 19. a4 bxa4 20. Nxc4 Ra8 21. Bxa4 Rd3 22. Bxc6 Bxc6 23. Ncxe5 Rd6 24. Bc5 Bxe4 25. Bxd6 Bxd6 26. Nxf7 Bc5 27. N3g5 Bc2 28. Nh6+ Kg7 29. Ne6+ Kxh6 30. Nxc5 Nd5 31. Re2 Bf5 32. Nb7 Nf4 33. Rd2 a4 34. Nc5 Ra5 35. b4 Ra8 36. Rxa4 Re8 37. Kh2 Ne2 38. c4 Nc3 39. Ra7 Re1 40. Rb2 Rc1 41. b5 Nd1 42. b6 Nxb2 43. b7 1-0

[Event "Osijek op"]
[Site "Osijek"]
[Date "2005.02.14"]
[Round "4"]
[White "Pavlovic, Vladimir"]
[Black "Cajzler, Hinko"]
[Result "0-1"]
[WhiteElo "1942"]
[BlackElo "2205"]
[PlyCount "62"]
[EventDate "2005.02.12"]
[EventType "swiss"]
[EventRounds "9"]
[EventCountry "CRO"]
[SourceTitle "EXT 2006"]
[Source "ChessBase"]
[SourceDate "2005.11.24"]
[SourceVersion "1"]
[SourceVersionDate "2005.11.24"]
[SourceQuality "1"]

1. Nf3 d5 2. c4 c6 3. g3 Nf6 4. Bg2 Bf5 5. cxd5 cxd5 6. d3 Nc6 7. 0-0 h6 8. Nc3 e6 9. Bf4 Be7 10. Ne5 Nxe5 11. Bxe5 0-0 12. Qb3 Nd7 13. Bf4 Nc5 14. Qc2 Rc8 15. e4 Bh7 16. exd5 Bxd3 17. Qd2 Bxf1 18. Rxf1 Bg5 19. Bxg5 hxg5 20. Rd1 exd5 21. Nxd5 Re8 22. h3 a5 23. Qd4 a4 24. Qb4 Re6 25. Qg4 Rcc6 26. Nf4 Red6 27. Nd5 Rd7 28. b4 axb3 29. axb3 Rcd6 30. Qc4 Ne6 31. Qe4 Nc7 0-1